LEADER 00863nam0 2200265 450 001 000013984 005 20080704094951.0 100 $a20080704d1970----km-y0itay50------ba 101 0 $afre 102 $aFR 105 $ay-------001yy 200 1 $aProblèmes théoriques et pratiques de la planification$fCharles Bettelheim 205 $a3e éd., refondue 210 $aParis$cF. Maspero$d1970 215 $a304 p.$d24 cm 225 2 $aEconomie et socialisme$v6 410 0$12001$aEconomie et socialisme 610 1 $aEconomia socialista 676 $a335.412$v19$9Concetti economici marxiani 700 1$aBettelheim,$bCharles$f<1913-2006>$033608 801 0$aIT$bUNIPARTHENOPE$c20080701$gRICA$2UNIMARC 912 $a000013984 951 $a052/38$b4225$cNAVA2$d2008 996 $aProblemes theoriques et pratiques de la planification$949391 997 $aUNIPARTHENOPE